01771nam a2200445 i 450000100060000000300080000600500170001400600190003100700150005000800410006502000270010603500230013303500240015603500250018003500220020504000310022705000230025808000080028108200150028924502200030426400490052430000400057333600310061333700330064433800430067750400290072058801270074959001640087665000290104065000230106965000290109265000260112165000110114765100100115865500270116870000320119579700190122785600620124699900170130825435FlNmELB20241216215824.0m o d | cr cnu||||||||180209s2010 cu ob 000 0 spa d a9789591614087 (e-book) a(MiAaPQ)EBC3196968 a(Au-PeEL)EBL3196968 a(CaPaEBR)ebr10527009 a(OCoLC)1105868359 aFINmELBbspaerdacFINmELB 4aLB2369bC9679 2010 a3780 a808.0222303aLa culminación de los estudios en las carreras agropecuarias y forestales.nparte III.pdespués de la elaboración del documento del trabajo de diploma :bEl trabajo de diploma /cElio Utria Borges [y otros 5]. 1aLa Habana :bEditorial Universitaria,c2010. a1 recurso en línea (65 páginas) atextobtxt2rdacontent/spa acomputadorabc2rdamedia/spa arecurso en líneabcr2rdacarrier/spa aContiene bibliografía. aDescripción basada en recurso en línea; Título de la página del título en PDF (e-libro, visto February 9, 2018). aRecurso electrónico. Santa Fe, Arg.: e-libro, 2018. Disponible vía World Wide Web. El acceso puede estar limitado para las bibliotecas afiliadas a e-libro. 0aDissertations, Academic. 0aTechnical writing. 0aEducation, HigherzCuba. 4aEnseñanza superior. 4aTesis. 4aCuba. 4aLibros electrónicos.1 aUtria Borges, Enio,eautor.2 ae-libro, Corp.40uhttps://elibro.net/ereader/politecnicointernacional/71455 c25435d25435